000 00724nam a2200289Ia 4500
005 20260324133235.0
008 008 260324s9999 xx 000 0 eng d
020 _a9781410609373
037 _aEBOOK
040 _aCRL
040 _beng
040 _cCRL
041 _2eng
041 _aeng
084 _qCRL
100 _aKathleen B. deMarrais; Stephen D. Lapan
_91192328
245 0 _aFoundations for Research
245 0 _bMethods of Inquiry in Education and the Social Sciences
260 _bTaylor and Francis
260 _c2003
365 _a
365 _b300
856 _uhttp://www.taylorfrancis.com/books/9781410609373
942 _cEBOOK
999 _c1791201
_d1791201